000 00474nam a22001577a 4500
005 20251108172249.0
008 250721s1997 xx 000 0 ara d
082 1 4 _a811/شنب
100 1 _aشنب، محمد عبد العزيز
245 1 0 _aعندما يظمأ المطر /
264 1 _aالقاهره :
_bالهيئة المصرية العامة للكتاب،
_c1997.
300 _a110ص
650 1 7 _aالشعر العربي
942 _2ddc
_cBK
999 _c74559
_d74559